Countries With The Most Freedom To The Least Freedom - Statistics

General Stats
  • This quiz has been taken 25 times
  • The average score is 127 of 170
Answer Stats
# Country % Correct
126 India
94%
30 Japan
94%
1700 North Korea
94%
15 South Korea
94%
23 United Arab Emirates
94%
27 United Kingdom
94%
24 United States of America
94%
48 Armenia
88%
42 Belgium
88%
107 Cambodia
88%
16 Canada
88%
149 China
88%
44 Costa Rica
88%
169 Cuba
88%
9 Denmark
88%
63 Dominican Republic
88%
146 Egypt
88%
6 Estonia
88%
14 Germany
88%
104 Greece
88%
163 Iran
88%
3 Ireland
88%
33 Israel
88%
142 Laos
88%
17 Latvia
88%
20 Lithuania
88%
41 Malaysia
88%
117 Mali
88%
59 Mexico
88%
8 Netherlands
88%
12 Norway
88%
135 Papua New Guinea
88%
39 Poland
88%
35 Qatar
88%
96 Saudi Arabia
88%
1 Singapore
88%
112 South Africa
88%
49 Spain
88%
10 Sweden
88%
4 Taiwan
88%
168 Venezuela
88%
70 Vietnam
88%
139 Argentina
82%
13 Australia
82%
73 Azerbaijan
82%
66 Bahrain
82%
161 Bolivia
82%
122 Brazil
82%
133 Chad
82%
98 Fiji
82%
11 Finland
82%
55 France
82%
124 Guinea
82%
19 Iceland
82%
58 Indonesia
82%
67 Italy
82%
69 Kazakhstan
82%
136 Lesotho
82%
154 Maldives
82%
94 Moldova
82%
5 New Zealand
82%
121 Niger
82%
119 Nigeria
82%
147 Pakistan
82%
43 Peru
82%
29 Portugal
82%
2 Switzerland
82%
127 Tunisia
82%
101 Turkey
82%
22 Austria
76%
50 Botswana
76%
156 Burma
76%
21 Chile
76%
60 Columbia
76%
18 Cyprus
76%
111 El Salvador
76%
34 Georgia
76%
62 Guatemala
76%
159 Guinea-Bissau
76%
144 Haiti
76%
52 Hungary
76%
130 Kenya
76%
105 Kuwait
76%
158 Lebanon
76%
7 Luxemburg
76%
89 Madagascar
76%
93 Oman
76%
74 Paraguay
76%
87 Philippines
76%
132 Rwanda
76%
56 Serbia
76%
32 Slovakia
76%
167 Sudan
76%
78 Thailand
76%
155 Turkmenistan
76%
138 Uganda
76%
162 Algeria
71%
125 Angola
71%
28 Barbados
71%
88 Bhutan
71%
164 Brunei
71%
31 Bulgaria
71%
160 Central African Republic
71%
123 Comoros
71%
45 Croatia
71%
84 Dominica
71%
115 Eswatini
71%
97 Ghana
71%
102 Guyana
71%
92 Honduras
71%
91 Jordan
71%
76 Kosovo
71%
113 Mauritania
71%
25 Mauritius
71%
75 Montenegro
71%
95 Morocco
71%
54 North Macedonia
71%
53 Panama
71%
51 Romania
71%
120 Russia
71%
37 Samoa
71%
72 Sao Tome and Principe
71%
100 Senegal
71%
131 Sri Lanka
71%
157 Suriname
71%
141 Tajikistan
71%
80 Tonga
71%
26 Uruguay
71%
152 Zambia
71%
47 Albania
65%
65 Bahamas
65%
118 Bangladesh
65%
140 Belarus
65%
83 Belize
65%
82 Benin
65%
61 Bosnia and Herzegovina
65%
108 Burkina Faso
65%
134 Cameroon
65%
79 Cote d'Ivoire
65%
110 Gabon
65%
38 Jamaica
65%
145 Liberia
65%
40 Malta
65%
64 Micronesia
65%
71 Mongolia
65%
137 Nepal
65%
116 Nicaragua
65%
77 Saint Lucia
65%
57 Saint Vincent And The Grenadines
65%
85 Seychelles
65%
143 Sierra Leone
65%
103 Solomon Islands
65%
81 Tanzania
65%
153 Timor-Leste
65%
114 Togo
65%
86 Trinidad and Tobago
65%
106 Uzbekistan
65%
148 Equatorial Guinea
59%
165 Eritrea
59%
99 Gambia
59%
90 Kiribati
59%
129 Mozambique
59%
68 Vanuatu
59%
128 Malawi
53%
109 Djibouti
47%
150 Ethiopia
47%
46 Cabo Verde
18%
151 Demo Republic Of The Congo
0%
36 Sovenia
0%
166 Zimbinique
0%
No matching quizzes found
Score Distribution
Percent of People with Each Score
Percentile by Number Answered
Your Score History
You have not taken this quiz